000 00293nam a22001337a 4500
008 170906b xxu||||| |||| 00| 0 eng d
020 _a0684182165
041 _aeng
080 _a72
100 _a41
101 _aARK
245 _aMANUAL OF GRAPHIC TECHNIQUES
_cPORTER,T
942 _2udc
_cBK
999 _c26406
_d26406